[Event "Sao Paulo Braga Memorial 2nd"]
[Site "Sao Paulo"]
[Date "2013.07.08"]
[Round "4"]
[White "Delgado Ramirez, Neuris"]
[Black "Umetsubo, Cesar Hidemitsu"]
[Result "1/2-1/2"]
[WhiteElo "2583"]
[BlackElo "2294"]
[PlyCount "85"]
[EventDate "2013.07.05"]
[EventType "swiss"]
[EventRounds "9"]
[EventCountry "BRA"]
[SourceTitle "CBM 155 Extra"]
[Source "ChessBase"]
[SourceDate "2013.08.26"]
[SourceVersion "1"]
[SourceVersionDate "2013.08.26"]
[SourceQuality "1"]

1. Nc3 d5 2. e4 dxe4 3. Nxe4 Nf6 4. Nxf6+ exf6 5. d4 Bd6 6. Qe2+ Qe7 7. Qxe7+
Kxe7 8. Be3 Bf5 9. O-O-O Nd7 10. Ne2 Rhe8 11. Bf4 Rac8 12. Bxd6+ cxd6 13. Nc3
Nb6 14. Bb5 Bd7 15. Rhe1+ Kd8 16. Rxe8+ Bxe8 17. Bd3 d5 18. Bxh7 g6 19. Re1 Rc4
20. h4 Rxd4 21. g3 Na4 22. Nd1 Re4 23. Rh1 Re2 24. h5 Bd7 25. b3 Nc5 26. hxg6
fxg6 27. Bxg6 Ne4 28. Bh5 Nxf2 29. Rf1 Bg4 30. Bf7 Nxd1 31. Rxd1 Re5 32. Rd4
Bf3 33. Rf4 Ke7 34. Rxf3 Kxf7 35. Rc3 Re7 36. Kd2 Ke6 37. Ke3 Ke5 38. Kf3 Kd6
39. Kf4 Re2 40. Rc8 Kd7 41. Rc3 Kd6 42. Rc8 Kd7 43. Rc3 1/2-1/2

[Event "Sao Paulo Braga Memorial 2nd"]
[Site "Sao Paulo"]
[Date "2013.07.09"]
[Round "5"]
[White "Santiago, Yago de Moura"]
[Black "Delgado Ramirez, Neuris"]
[Result "1/2-1/2"]
[WhiteElo "2409"]
[BlackElo "2583"]
[PlyCount "43"]
[EventDate "2013.07.05"]
[EventType "swiss"]
[EventRounds "9"]
[EventCountry "BRA"]
[SourceTitle "CBM 155 Extra"]
[Source "ChessBase"]
[SourceDate "2013.08.26"]
[SourceVersion "1"]
[SourceVersionDate "2013.08.26"]
[SourceQuality "1"]

1. e4 c5 2. Nf3 d6 3. d4 cxd4 4. Nxd4 Nf6 5. Nc3 a6 6. Bc4 e6 7. O-O Nc6 8. Bb3
Be7 9. f4 Nxd4 10. Qxd4 O-O 11. f5 Bd7 12. fxe6 Bxe6 13. Bg5 Rc8 14. Rad1 b5
15. Bxf6 Bxf6 16. Qxd6 Qxd6 17. Rxd6 Bc4 18. Bxc4 Rxc4 19. Rxa6 Bd4+ 20. Kh1
Bxc3 21. bxc3 Rxc3 22. Rf2 1/2-1/2

[Event "Sao Paulo Braga Memorial 2nd"]
[Site "Sao Paulo"]
[Date "2013.07.10"]
[Round "6"]
[White "Delgado Ramirez, Neuris"]
[Black "Abdalla, Luiz Guilherme"]
[Result "1-0"]
[WhiteElo "2583"]
[BlackElo "2263"]
[PlyCount "71"]
[EventDate "2013.07.05"]
[EventType "swiss"]
[EventRounds "9"]
[EventCountry "BRA"]
[SourceTitle "CBM 155 Extra"]
[Source "ChessBase"]
[SourceDate "2013.08.26"]
[SourceVersion "1"]
[SourceVersionDate "2013.08.26"]
[SourceQuality "1"]

1. e4 c5 2. Nf3 e6 3. Nc3 d6 4. g3 Nf6 5. Bg2 Nc6 6. d3 Be7 7. O-O O-O 8. Nd2
Rb8 9. f4 Nd4 10. Ne2 Nxe2+ 11. Qxe2 Re8 12. h3 d5 13. e5 Nd7 14. c4 Bf8 15.
Nf3 b5 16. cxd5 exd5 17. Ng5 g6 18. Bxd5 Nxe5 19. Qg2 Nxd3 20. Nxf7 Qf6 21.
Ne5+ Be6 22. Bxe6+ Rxe6 23. Nxd3 Qd4+ 24. Nf2 Rd8 25. Qf3 c4 26. f5 gxf5 27.
Bg5 Rde8 28. Rad1 Qxb2 29. Rd5 Bg7 30. Rxf5 Bd4 31. Qd5 Kh8 32. Kh1 a6 33. Nd1
Qa1 34. Rf8+ Rxf8 35. Rxf8+ Kg7 36. Bf6+ 1-0

[Event "Sao Paulo Braga Memorial 2nd"]
[Site "Sao Paulo"]
[Date "2013.07.11"]
[Round "7"]
[White "Van Riemsdijk, Dirk Dagobert"]
[Black "Delgado Ramirez, Neuris"]
[Result "0-1"]
[WhiteElo "2103"]
[BlackElo "2583"]
[PlyCount "72"]
[EventDate "2013.07.05"]
[EventType "swiss"]
[EventRounds "9"]
[EventCountry "BRA"]
[SourceTitle "CBM 155 Extra"]
[Source "ChessBase"]
[SourceDate "2013.08.26"]
[SourceVersion "1"]
[SourceVersionDate "2013.08.26"]
[SourceQuality "1"]

1. e4 c5 2. Nc3 Nc6 3. d3 Nf6 4. f4 d5 5. e5 d4 6. exf6 dxc3 7. bxc3 gxf6 8.
Be2 Qa5 9. Bd2 Rg8 10. Bf3 c4 11. Ne2 Bg4 12. Ng3 Bxf3 13. Qxf3 O-O-O 14. O-O
e6 15. Rfb1 Qa4 16. Be1 f5 17. d4 Bd6 18. Nf1 Qxc2 19. Ne3 Qe4 20. Qxe4 fxe4
21. f5 e5 22. Bh4 Rd7 23. Bf6 exd4 24. cxd4 Bf4 25. Nxc4 Nxd4 26. Kf2 Bxh2 27.
Rc1 Nc6 28. Rh1 Bg3+ 29. Ke3 Nb4 30. Kxe4 Re8+ 31. Kf3 Rd3+ 32. Kg4 Re4+ 33.
Kg5 Bf4+ 34. Kh5 Rxc4 35. Rh4 Nd5 36. Bg5 Rg3 0-1

[Event "Sao Paulo Braga Memorial 2nd"]
[Site "Sao Paulo"]
[Date "2013.07.12"]
[Round "8"]
[White "Delgado Ramirez, Neuris"]
[Black "Matsuura, Everaldo"]
[Result "1-0"]
[WhiteElo "2583"]
[BlackElo "2491"]
[PlyCount "115"]
[EventDate "2013.07.05"]
[EventType "swiss"]
[EventRounds "9"]
[EventCountry "BRA"]
[SourceTitle "CBM 155 Extra"]
[Source "ChessBase"]
[SourceDate "2013.08.26"]
[SourceVersion "1"]
[SourceVersionDate "2013.08.26"]
[SourceQuality "1"]

1. e4 d5 2. exd5 Nf6 3. Bb5+ Bd7 4. Be2 Nxd5 5. d4 Bf5 6. Nf3 e6 7. Bd3 Bxd3 8.
Qxd3 Be7 9. O-O O-O 10. c4 Nf6 11. Rd1 Nbd7 12. Bf4 Bd6 13. Bxd6 cxd6 14. Nc3
a6 15. b4 Qc7 16. Rac1 Rfc8 17. Nd2 b6 18. a3 d5 19. c5 e5 20. Na4 exd4 21. Nf3
bxc5 22. Nxc5 Nb6 23. Nb3 Nc4 24. Na5 Ne5 25. Rxc7 Nxd3 26. Rc6 Nb2 27. Rxd4
Nc4 28. Rxc8+ Rxc8 29. Nxc4 dxc4 30. Ne1 Kf8 31. Kf1 Ke7 32. Ke2 Ke6 33. Kd2
Nd5 34. Nf3 f5 35. Kc2 h6 36. Nd2 Nb6 37. Nb1 Ke5 38. Rd1 Nd5 39. Re1+ Kd6 40.
g3 f4 41. Nc3 Nxc3 42. Kxc3 fxg3 43. fxg3 Rf8 44. Kxc4 Rf2 45. h4 Rc2+ 46. Kb3
Rd2 47. Re3 g5 48. hxg5 hxg5 49. Ka4 Rd5 50. Rc3 g4 51. Rc4 Rg5 52. Rc8 Re5 53.
Rg8 Re4 54. Ka5 Re3 55. a4 Rxg3 56. Kxa6 Rg1 57. b5 g3 58. b6 1-0

[Event "Sao Paulo Braga Memorial 2nd"]
[Site "Sao Paulo"]
[Date "2013.07.13"]
[Round "9"]
[White "Molina, Roberto Junio Brito"]
[Black "Delgado Ramirez, Neuris"]
[Result "1/2-1/2"]
[WhiteElo "2406"]
[BlackElo "2583"]
[PlyCount "118"]
[EventDate "2013.07.05"]
[EventType "swiss"]
[EventRounds "9"]
[EventCountry "BRA"]
[SourceTitle "CBM 155 Extra"]
[Source "ChessBase"]
[SourceDate "2013.08.26"]
[SourceVersion "1"]
[SourceVersionDate "2013.08.26"]
[SourceQuality "1"]

1. d4 Nf6 2. c4 e6 3. Nf3 Bb4+ 4. Bd2 a5 5. g3 d6 6. Bg2 Nbd7 7. O-O e5 8. Bg5
exd4 9. Qxd4 h6 10. Be3 O-O 11. Nc3 Re8 12. Nd5 Nxd5 13. Qxd5 a4 14. Qd3 Qe7
15. Qc2 a3 16. b3 Nf6 17. Rad1 Ra5 18. Bd2 Bf5 19. Qc1 d5 20. Nd4 Bg6 21. cxd5
Nxd5 22. e4 Rc5 23. Bxb4 Nxb4 24. Qxa3 Re5 25. f3 Qc5 26. Kh1 Qb6 27. Qb2 c5
28. Nc2 Nxc2 29. Qxc2 f5 30. f4 Rxe4 31. Bxe4 fxe4 32. f5 Bf7 33. Rfe1 Qc6 34.
Re3 Bh5 35. Qc4+ Kh8 36. Rde1 b5 37. Qc3 Rd8 38. Kg1 Bf3 39. Rf1 c4 40. bxc4
bxc4 41. Qb4 Rc8 42. Rc1 Qf6 43. Rxc4 Rxc4 44. Qxc4 Qa1+ 45. Qf1 Qxa2 46. Rxf3
exf3 47. Qxf3 Kg8 48. Qf2 Qd5 49. h3 Kf7 50. g4 Qd1+ 51. Kg2 Qd5+ 52. Qf3 Qd2+
53. Qf2 Qd5+ 54. Qf3 Qd2+ 55. Kf1 Kf6 56. Qe2 Qxe2+ 57. Kxe2 h5 58. Kf3 hxg4+
59. hxg4 g6 1/2-1/2

[Event "Maringa op 3rd"]
[Site "Maringa"]
[Date "2013.07.24"]
[Round "1"]
[White "Dias, Matheus Nunes"]
[Black "Delgado Ramirez, Neuris"]
[Result "0-1"]
[WhiteElo "1607"]
[BlackElo "2583"]
[PlyCount "93"]
[EventDate "2013.07.24"]
[EventType "swiss"]
[EventRounds "8"]
[EventCountry "BRA"]
[SourceTitle "CBM 155 Extra"]
[Source "ChessBase"]
[SourceDate "2013.08.26"]
[SourceVersion "1"]
[SourceVersionDate "2013.08.26"]
[SourceQuality "1"]

1. d4 Nf6 2. Nf3 e6 3. c4 Bb4+ 4. Bd2 a5 5. Nc3 O-O 6. e3 d6 7. a3 Bxc3 8. Bxc3
b6 9. Be2 Ne4 10. Qc2 Bb7 11. O-O a4 12. Nd2 Nxd2 13. Qxd2 Nd7 14. Bd3 f5 15.
f3 Qe7 16. e4 fxe4 17. fxe4 e5 18. d5 Nc5 19. Bc2 Qh4 20. Qe2 c6 21. Bb4 Rxf1+
22. Rxf1 cxd5 23. Bxc5 bxc5 24. cxd5 Ba6 25. Bd3 Bxd3 26. Qxd3 h6 27. Qf3 Kh8
28. g3 Qg5 29. Qe2 Rb8 30. Kg2 Kh7 31. Qf2 Rb3 32. h4 Qg4 33. Re1 Rd3 34. Re3
Rd4 35. Qe2 Qg6 36. Kf3 Qe8 37. Kg2 Qd7 38. g4 Qf7 39. Kg3 Qf4+ 40. Kh3 Rd1 41.
Kg2 Rb1 42. Rc3 Kg6 43. Rc2 Kf7 44. Qf2 Kf6 45. Qxf4+ exf4 46. Kf3 Ke5 47. Rd2
0-1

[Event "Maringa op 3rd"]
[Site "Maringa"]
[Date "2013.07.25"]
[Round "2"]
[White "Delgado Ramirez, Neuris"]
[Black "Jesus Filho, Jose Carlos"]
[Result "1-0"]
[WhiteElo "2583"]
[BlackElo "1975"]
[PlyCount "41"]
[EventDate "2013.07.24"]
[EventType "swiss"]
[EventRounds "8"]
[EventCountry "BRA"]
[SourceTitle "CBM 155 Extra"]
[Source "ChessBase"]
[SourceDate "2013.08.26"]
[SourceVersion "1"]
[SourceVersionDate "2013.08.26"]
[SourceQuality "1"]

1. e4 e5 2. Nf3 d5 3. Nxe5 Qe7 4. d4 f6 5. Nc3 fxe5 6. Nxd5 Qf7 7. Bc4 Nf6 8.
dxe5 Nxd5 9. exd5 Bc5 10. O-O Qg6 11. e6 O-O 12. Be3 Bd6 13. Bd3 Qf6 14. c4 c5
15. f4 Qxb2 16. Qh5 g6 17. Qh3 Qf6 18. f5 g5 19. Bxg5 Qxg5 20. f6 h6 21. Rf5
1-0

[Event "Maringa op 3rd"]
[Site "Maringa"]
[Date "2013.07.25"]
[Round "3"]
[White "Da Silva, Lucas Henrique"]
[Black "Delgado Ramirez, Neuris"]
[Result "0-1"]
[WhiteElo "2089"]
[BlackElo "2583"]
[PlyCount "98"]
[EventDate "2013.07.24"]
[EventType "swiss"]
[EventRounds "8"]
[EventCountry "BRA"]
[SourceTitle "CBM 155 Extra"]
[Source "ChessBase"]
[SourceDate "2013.08.26"]
[SourceVersion "1"]
[SourceVersionDate "2013.08.26"]
[SourceQuality "1"]

1. d4 Nf6 2. Nf3 e6 3. c4 Bb4+ 4. Bd2 a5 5. Nc3 d6 6. e3 Nbd7 7. Bd3 e5 8. Qc2
O-O 9. a3 Bxc3 10. Bxc3 Qe7 11. Nd2 Re8 12. O-O e4 13. Be2 Nf8 14. Rae1 Bf5 15.
Qd1 c6 16. f3 exf3 17. Bxf3 Bg6 18. e4 N6d7 19. b4 axb4 20. axb4 Ne6 21. Kh1
Ng5 22. Bb2 Nxf3 23. Qxf3 d5 24. cxd5 cxd5 25. Qb3 dxe4 26. Nc4 Nf6 27. b5 Qe6
28. Qb4 Nd5 29. Qb3 f6 30. Qg3 Rad8 31. Ba3 Rd7 32. Nd6 Ra8 33. Nc4 Nc7 34. d5
Nxd5 35. Bb2 Nb4 36. Ne3 Nd3 37. Ra1 Rc8 38. Ba3 f5 39. Qh3 Rf7 40. Rad1 Re8
41. Nc2 Qb3 42. Rd2 f4 43. Bd6 e3 44. Re2 Qxb5 45. Qf3 Be4 46. Qg4 h5 47. Qh4
Nf2+ 48. Rexf2 exf2 49. Qxf2 Bxc2 0-1

[Event "Maringa op 3rd"]
[Site "Maringa"]
[Date "2013.07.26"]
[Round "4"]
[White "Delgado Ramirez, Neuris"]
[Black "Osipi, Jair"]
[Result "1-0"]
[WhiteElo "2583"]
[BlackElo "2199"]
[PlyCount "121"]
[EventDate "2013.07.24"]
[EventType "swiss"]
[EventRounds "8"]
[EventCountry "BRA"]
[SourceTitle "CBM 155 Extra"]
[Source "ChessBase"]
[SourceDate "2013.08.26"]
[SourceVersion "1"]
[SourceVersionDate "2013.08.26"]
[SourceQuality "1"]

1. e4 c5 2. Nf3 Nc6 3. Bb5 e6 4. O-O Nge7 5. Nc3 a6 6. Bxc6 Nxc6 7. d4 cxd4 8.
Nxd4 Qc7 9. Re1 Bd6 10. Nxc6 dxc6 11. f4 Bxf4 12. Bxf4 Qxf4 13. e5 O-O 14. Qd6
f6 15. Re4 Qg5 16. Rf1 f5 17. Rd4 b5 18. Ne4 Qe3+ 19. Kh1 Ra7 20. Nc5 Raf7 21.
Rdf4 Re8 22. h3 Rfe7 23. R4f3 Qe2 24. R3f2 Qe3 25. Rd2 g5 26. Rfd1 h5 27. Qd4
Qxd4 28. Rxd4 Kf7 29. h4 Kg6 30. hxg5 Kxg5 31. Kh2 h4 32. a4 a5 33. b3 Rg7 34.
Kh3 Rh8 35. Rf1 Kg6 36. Rd6 bxa4 37. bxa4 Kf7 38. Rxc6 Rg3+ 39. Kh2 Rc3 40.
Rc7+ Kg6 41. Nxe6 Rxc7 42. Nxc7 Bd7 43. e6 Bxa4 44. Ra1 Bc6 45. Rxa5 Rc8 46.
Ra7 Kf6 47. c4 Rg8 48. Nd5+ Ke5 49. Ra5 Bxd5 50. cxd5 Kd6 51. Kh3 Rg3+ 52. Kxh4
Rxg2 53. Ra8 Rg7 54. Rd8+ Kc7 55. Rf8 Kd6 56. Rxf5 Rg1 57. Rf8 Rg7 58. Rf7 Rg1
59. Rd7+ Ke5 60. e7 Kf4 61. Kh5 1-0

[Event "Maringa op 3rd"]
[Site "Maringa"]
[Date "2013.07.26"]
[Round "5"]
[White "Palozi, Paulo Ricardo"]
[Black "Delgado Ramirez, Neuris"]
[Result "0-1"]
[WhiteElo "2251"]
[BlackElo "2583"]
[PlyCount "78"]
[EventDate "2013.07.24"]
[EventType "swiss"]
[EventRounds "8"]
[EventCountry "BRA"]
[SourceTitle "CBM 155 Extra"]
[Source "ChessBase"]
[SourceDate "2013.08.26"]
[SourceVersion "1"]
[SourceVersionDate "2013.08.26"]
[SourceQuality "1"]

1. d4 Nf6 2. c4 e6 3. Nf3 Bb4+ 4. Bd2 Qe7 5. a3 Bxd2+ 6. Nbxd2 d6 7. e3 e5 8.
dxe5 dxe5 9. Be2 a5 10. Qc2 Nbd7 11. O-O a4 12. Ng5 O-O 13. Nde4 Nxe4 14. Nxe4
f5 15. Nc3 Nc5 16. Nd5 Qf7 17. Qc3 Re8 18. Rad1 b6 19. Nb4 Bb7 20. Rfe1 Re6 21.
Nd3 Ne4 22. Qc2 Nf6 23. Nb4 Nd7 24. Rd2 Nc5 25. Red1 Ree8 26. Bf1 Rf8 27. Re1
Be4 28. Qd1 Rae8 29. Be2 Qg6 30. Bf3 f4 31. Kh1 Bxf3 32. Qxf3 e4 33. Qh3 Nd3
34. Red1 fxe3 35. Qxe3 Ne5 36. Qd4 c5 37. Qd5+ Kh8 38. Nc2 Nd3 39. Rxd3 exd3
0-1

[Event "Maringa op 3rd"]
[Site "Maringa"]
[Date "2013.07.27"]
[Round "6"]
[White "Delgado Ramirez, Neuris"]
[Black "Mareco, Sandro"]
[Result "0-1"]
[WhiteElo "2583"]
[BlackElo "2562"]
[PlyCount "72"]
[EventDate "2013.07.24"]
[EventType "swiss"]
[EventRounds "8"]
[EventCountry "BRA"]
[SourceTitle "CBM 155 Extra"]
[Source "ChessBase"]
[SourceDate "2013.08.26"]
[SourceVersion "1"]
[SourceVersionDate "2013.08.26"]
[SourceQuality "1"]

1. e4 c5 2. Nf3 d6 3. Bb5+ Nd7 4. O-O Ngf6 5. Re1 a6 6. Bxd7+ Nxd7 7. b3 e5 8.
c3 Be7 9. d4 O-O 10. dxe5 dxe5 11. c4 Re8 12. Nc3 f6 13. Be3 Nf8 14. Qxd8 Rxd8
15. Nd5 Bd6 16. b4 Ne6 17. Rac1 Bd7 18. Red1 Be8 19. a3 Bf8 20. Ne1 Ba4 21. Rd2
b5 22. Rb2 cxb4 23. axb4 bxc4 24. Nb6 Bb3 25. Nxa8 Rxa8 26. Nc2 Rd8 27. h3 Nf4
28. Rcb1 Ne2+ 29. Kh2 Nc3 30. Rxb3 cxb3 31. Rxb3 Nxe4 32. Ne1 Nd2 33. Bxd2 Rxd2
34. f3 Rd5 35. Nd3 f5 36. Ra3 a5 0-1

[Event "Maringa op 3rd"]
[Site "Maringa"]
[Date "2013.07.27"]
[Round "7"]
[White "Proudian, Armen"]
[Black "Delgado Ramirez, Neuris"]
[Result "1/2-1/2"]
[WhiteElo "2286"]
[BlackElo "2583"]
[PlyCount "209"]
[EventDate "2013.07.24"]
[EventType "swiss"]
[EventRounds "8"]
[EventCountry "BRA"]
[SourceTitle "CBM 155 Extra"]
[Source "ChessBase"]
[SourceDate "2013.08.26"]
[SourceVersion "1"]
[SourceVersionDate "2013.08.26"]
[SourceQuality "1"]

1. e4 c5 2. Nf3 d6 3. d4 cxd4 4. Nxd4 Nf6 5. Nc3 a6 6. Be3 e5 7. Nb3 Be6 8. Qd2
Nbd7 9. f4 exf4 10. Bxf4 Ne5 11. O-O-O Rc8 12. Nd4 Qa5 13. Nxe6 fxe6 14. Kb1
Be7 15. Nd5 Qxd2 16. Nxf6+ Bxf6 17. Rxd2 Ke7 18. Be2 Nf7 19. Rd3 Be5 20. Be3
Rc7 21. Rb3 Rhc8 22. h4 Nd8 23. c4 Nc6 24. c5 Bd4 25. Bg5+ Bf6 26. cxd6+ Kxd6
27. Rd1+ Ke7 28. Be3 Na5 29. Rb6 Rc6 30. b4 Rxb6 31. Bxb6 Nc6 32. Bc5+ Ke8 33.
Bg4 Nd8 34. h5 Be7 35. Bd4 Rc4 36. a3 Bf6 37. Bb6 Rc6 38. Bc5 Nf7 39. Be2 Ng5
40. Bd3 Rc7 41. Bc2 Rd7 42. Rxd7 Kxd7 43. Kc1 h6 44. Kd2 Be5 45. Ke3 Nh7 46.
Bd1 Nf6 47. Kd3 Kc6 48. Bf3 Kc7 49. Be3 b5 50. g4 Nh7 51. Bd1 Kd7 52. Bb3 Bf6
53. Bd1 e5 54. Bb3 Bg5 55. Bc5 Be7 56. Be3 Nf6 57. Bd1 Ne8 58. Bb3 Bg5 59. Bc5
Be7 60. Be3 Bg5 61. Bc5 Bc1 62. a4 Bg5 63. Bf2 Be7 64. Be1 Nf6 65. axb5 axb5
66. Bd1 Kc6 67. Bf3 Nd7 68. Kc3 Nf8 69. Kb3 Bg5 70. Bc3 Bf4 71. Be2 Ne6 72. Bf3
Ng5 73. Bg2 Nf7 74. Bf1 Nd6 75. Bd3 Nf7 76. Bf1 Be3 77. Be1 Ng5 78. Bg2 Ne6 79.
Bc3 Bf4 80. Bf3 Kb6 81. Bg2 Nd8 82. Be1 Be3 83. Bc3 Nc6 84. Bf3 Bd2 85. Bxd2
Nd4+ 86. Kc3 Nxf3 87. Be3+ Kc6 88. Kd3 Kd6 89. Ke2 Nd4+ 90. Kd3 Nc6 91. Kc3 Ke6
92. g5 hxg5 93. Bxg5 Kf7 94. Bd2 Ne7 95. Kd3 Ng8 96. Bc3 Ke6 97. Bd2 Kf6 98.
Ke2 Nh6 99. Kf3 Nf7 100. Kg4 Nd6 101. Kf3 Ke6 102. h6 gxh6 103. Bxh6 Kf6 104.
Bd2 Nf7 105. Kg4 1/2-1/2

[Event "Maringa op 3rd"]
[Site "Maringa"]
[Date "2013.07.28"]
[Round "8"]
[White "Delgado Ramirez, Neuris"]
[Black "Gauche, Charles"]
[Result "1-0"]
[WhiteElo "2583"]
[BlackElo "2204"]
[PlyCount "109"]
[EventDate "2013.07.24"]
[EventType "swiss"]
[EventRounds "8"]
[EventCountry "BRA"]
[SourceTitle "CBM 155 Extra"]
[Source "ChessBase"]
[SourceDate "2013.08.26"]
[SourceVersion "1"]
[SourceVersionDate "2013.08.26"]
[SourceQuality "1"]

1. e4 c5 2. Nf3 d6 3. Bc4 e6 4. Bb3 Nf6 5. d3 Be7 6. O-O Nc6 7. c3 O-O 8. Re1
e5 9. Nbd2 Be6 10. Nf1 Bxb3 11. Qxb3 Qb6 12. Qc2 Rad8 13. Ne3 g6 14. h3 Qc7 15.
Nh2 Rfe8 16. Nhg4 Nxg4 17. hxg4 Qd7 18. Qe2 Kg7 19. Nd5 h6 20. g3 Rh8 21. Kg2
Rh7 22. Rh1 Rdh8 23. Be3 Bd8 24. Qf3 Qe6 25. b4 b6 26. Rad1 Bg5 27. a4 Bxe3 28.
b5 Ne7 29. Nxe3 Rd8 30. c4 a5 31. bxa6 Ra8 32. Rb1 Rxa6 33. Rb2 Rh8 34. Rhb1
Rha8 35. Rxb6 Rxb6 36. Rxb6 Rxa4 37. Qe2 Qf6 38. Qb2 Ra7 39. Nd1 Nc8 40. Rb8
Qe6 41. Ne3 Qd7 42. Qb5 Ne7 43. Qxd7 Rxd7 44. Rb6 Nc8 45. Ra6 Ra7 46. Rc6 Ra8
47. Nd5 g5 48. Kf3 Rb8 49. Ne3 Kf6 50. Nf5 Ke6 51. Rc7 Ra8 52. Nxh6 Ne7 53. Nf5
Nxf5 54. exf5+ Kf6 55. Rd7 1-0

[Event "Ribeira Valley op 9th"]
[Site "Registro"]
[Date "2013.07.30"]
[Round "1"]
[White "Delgado Ramirez, Neuris"]
[Black "De Araujo, Leonardo Augusto"]
[Result "1-0"]
[WhiteElo "2583"]
[BlackElo "1866"]
[PlyCount "61"]
[EventDate "2013.07.30"]
[EventType "swiss"]
[EventRounds "9"]
[EventCountry "BRA"]
[SourceTitle "CBM 155 Extra"]
[Source "ChessBase"]
[SourceDate "2013.08.26"]
[SourceVersion "1"]
[SourceVersionDate "2013.08.26"]
[SourceQuality "1"]

1. e4 e5 2. Nf3 Nf6 3. Nxe5 d6 4. Nf3 Nxe4 5. Nc3 Nxc3 6. dxc3 Be7 7. Be3 Nc6
8. Qd2 O-O 9. O-O-O Ne5 10. h4 c6 11. Kb1 Qa5 12. Bg5 Re8 13. Nxe5 Bxg5 14.
hxg5 dxe5 15. Bd3 e4 16. Bxe4 Bf5 17. Bxf5 Qxf5 18. f3 g6 19. g4 Qe5 20. f4 Qe2
21. a3 Re4 22. Qd6 Re6 23. Qc7 Qxg4 24. f5 gxf5 25. Qh2 h5 26. gxh6 Kh7 27.
Rdg1 Re2 28. Qc7 Qc4 29. Rg7+ Kh8 30. Qg3 Qe4 31. Rh7+ 1-0

[Event "Ribeira Valley op 9th"]
[Site "Registro"]
[Date "2013.07.30"]
[Round "2"]
[White "Daneri, Martin"]
[Black "Delgado Ramirez, Neuris"]
[Result "0-1"]
[WhiteElo "2135"]
[BlackElo "2583"]
[PlyCount "83"]
[EventDate "2013.07.30"]
[EventType "swiss"]
[EventRounds "9"]
[EventCountry "BRA"]
[SourceTitle "CBM 155 Extra"]
[Source "ChessBase"]
[SourceDate "2013.08.26"]
[SourceVersion "1"]
[SourceVersionDate "2013.08.26"]
[SourceQuality "1"]

1. e4 c5 2. Nc3 Nc6 3. Bb5 Nd4 4. Bc4 e6 5. Nf3 a6 6. d3 Qc7 7. Nxd4 cxd4 8.
Ne2 Bc5 9. O-O Nf6 10. Bb3 b5 11. a4 b4 12. h3 Bb7 13. Bf4 d6 14. Bh2 Qe7 15.
Kh1 O-O 16. f4 d5 17. e5 Nd7 18. Ng1 f6 19. Qg4 Rae8 20. Rae1 f5 21. Qh5 Nb8
22. Nf3 Nc6 23. Bg1 Bc8 24. Bf2 Qa7 25. Qh4 Bd7 26. Qg3 Re7 27. Qh2 Na5 28. Qg1
Nc6 29. Bh4 Ree8 30. Bf2 Rc8 31. Kh2 Be8 32. Ng5 Qd7 33. Nf3 Qa7 34. Ng5 Bd7
35. Nf3 h6 36. Kh1 Be8 37. Kh2 Bh5 38. Nd2 Na5 39. Rc1 Bb6 40. Rfe1 Rc7 41. g4
Bg6 42. Nf3 0-1

[Event "Ribeira Valley op 9th"]
[Site "Registro"]
[Date "2013.07.31"]
[Round "3"]
[White "Delgado Ramirez, Neuris"]
[Black "Mendonca, Mateus Nakajo"]
[Result "1-0"]
[WhiteElo "2583"]
[BlackElo "2315"]
[PlyCount "83"]
[EventDate "2013.07.30"]
[EventType "swiss"]
[EventRounds "9"]
[EventCountry "BRA"]
[SourceTitle "CBM 155 Extra"]
[Source "ChessBase"]
[SourceDate "2013.08.26"]
[SourceVersion "1"]
[SourceVersionDate "2013.08.26"]
[SourceQuality "1"]

1. e4 e5 2. Nf3 Nf6 3. Nxe5 d6 4. Nf3 Nxe4 5. Bd3 d5 6. O-O Be7 7. Re1 Bf5 8.
Nc3 Nxc3 9. dxc3 Bxd3 10. Qxd3 O-O 11. Nd4 Bf6 12. Nf5 Nc6 13. Bf4 Qd7 14. Rad1
Rad8 15. h3 h5 16. Ng3 g6 17. Ne4 Be7 18. Ng5 Bf6 19. Nf3 Ne7 20. Be5 Bxe5 21.
Rxe5 c6 22. c4 Nf5 23. Qe2 d4 24. g4 hxg4 25. hxg4 Nh6 26. Rxd4 Qc8 27. Ree4 c5
28. Rxd8 Rxd8 29. Nh2 Qd7 30. Nf1 Qd1 31. Re8+ Kh7 32. Qxd1 Rxd1 33. Re7 Nxg4
34. Rxf7+ Kh6 35. Rxb7 Ne5 36. Kg2 Nxc4 37. b3 Na3 38. c4 Nc2 39. Rxa7 Kg5 40.
Re7 Kf4 41. Ne3 Ne1+ 42. Kf1 1-0

[Event "Ribeira Valley op 9th"]
[Site "Registro"]
[Date "2013.07.31"]
[Round "4"]
[White "Barbosa, Evandro Amorim"]
[Black "Delgado Ramirez, Neuris"]
[Result "1/2-1/2"]
[WhiteElo "2441"]
[BlackElo "2583"]
[PlyCount "76"]
[EventDate "2013.07.30"]
[EventType "swiss"]
[EventRounds "9"]
[EventCountry "BRA"]
[SourceTitle "CBM 155 Extra"]
[Source "ChessBase"]
[SourceDate "2013.08.26"]
[SourceVersion "1"]
[SourceVersionDate "2013.08.26"]
[SourceQuality "1"]

1. e4 c5 2. Nf3 d6 3. d4 cxd4 4. Nxd4 Nf6 5. Nc3 a6 6. Be3 e5 7. Nb3 Be7 8. f3
h5 9. Qd2 Be6 10. Nd5 Bxd5 11. exd5 Nbd7 12. Na5 Qc7 13. c4 e4 14. Be2 Bd8 15.
b4 Ne5 16. O-O exf3 17. gxf3 Qc8 18. Rac1 Bxa5 19. bxa5 Nfd7 20. f4 Ng4 21. Bd4
Ndf6 22. Qe3+ Kf8 23. Kh1 Qe8 24. Rb1 Qxe3 25. Bxe3 Re8 26. Rf3 Ne4 27. Rxb7
Nef6 28. Rb3 Nxe3 29. Rfxe3 Rxe3 30. Rxe3 Nd7 31. Rb3 g6 32. Rb7 Nc5 33. Rc7
Kg7 34. Kg2 Kf6 35. Rc6 Ke7 36. Rc7+ Kf6 37. Rc6 Ke7 38. Rc7+ Kf6 1/2-1/2

[Event "Ribeira Valley op 9th"]
[Site "Registro"]
[Date "2013.08.01"]
[Round "5"]
[White "Delgado Ramirez, Neuris"]
[Black "Molina, Roberto Junio Brito"]
[Result "1-0"]
[WhiteElo "2583"]
[BlackElo "2431"]
[PlyCount "74"]
[EventDate "2013.07.30"]
[EventType "swiss"]
[EventRounds "9"]
[EventCountry "BRA"]
[SourceTitle "CBM 155 Extra"]
[Source "ChessBase"]
[SourceDate "2013.08.26"]
[SourceVersion "1"]
[SourceVersionDate "2013.08.26"]
[SourceQuality "1"]

1. e4 c6 2. d4 d5 3. e5 Bf5 4. h4 h5 5. Bg5 Qb6 6. Bd3 Bxd3 7. Qxd3 e6 8. Nd2
Ne7 9. Ngf3 Qa6 10. c4 Nf5 11. O-O Nd7 12. b3 Be7 13. Bxe7 Nxe7 14. Rfc1 Nf5
15. Nf1 dxc4 16. bxc4 g6 17. Ne3 Nxe3 18. Qxe3 O-O-O 19. Ng5 Rhf8 20. Ne4 Kb8
21. Rab1 Ka8 22. Rc3 c5 23. Rcb3 cxd4 24. Qxd4 Qc6 25. Rd1 Nb8 26. Nd6 Na6 27.
Rbd3 Nc5 28. R3d2 a6 29. Qe3 Rd7 30. Rb2 Rfd8 31. Rdb1 Rxd6 32. exd6 Qxd6 33.
Qf3 Rd7 34. g3 Qd3 35. Qxd3 Rxd3 36. Rc2 Kb8 37. Kf1 Kc7 1-0

[Event "Ribeira Valley op 9th"]
[Site "Registro"]
[Date "2013.08.01"]
[Round "6"]
[White "Mekhitarian, Krikor Sevag"]
[Black "Delgado Ramirez, Neuris"]
[Result "1/2-1/2"]
[WhiteElo "2533"]
[BlackElo "2583"]
[PlyCount "28"]
[EventDate "2013.07.30"]
[EventType "swiss"]
[EventRounds "9"]
[EventCountry "BRA"]
[SourceTitle "CBM 155 Extra"]
[Source "ChessBase"]
[SourceDate "2013.08.26"]
[SourceVersion "1"]
[SourceVersionDate "2013.08.26"]
[SourceQuality "1"]

1. e4 c5 2. Nf3 d6 3. d4 cxd4 4. Nxd4 Nf6 5. Nc3 a6 6. Be2 e5 7. Nb3 Be7 8. Bg5
Be6 9. Bxf6 Bxf6 10. Qd3 O-O 11. O-O-O Be7 12. Nd5 Bxd5 13. Qxd5 Qc7 14. Kb1
Nd7 1/2-1/2